000 00864cam a2200229 a 4500
001 000018110
005 20200929165347.0
008 720629s1967 ve 001 f spa d
040 _aDO-SdBNP
_bspa
_cDLC
_dBNPHU
082 _aVe863.42
_bN964g
100 1 _aNúñez, Enrique Bernardo,
_d1895-1964.
_917817
245 1 3 _aLa galera de Tiberio :
_bcrónica del canal de Panamá /
_cEnrique Bernardo Núñez ; prólogo de Augusto Germán Orihuela.
260 _aCaracas, (Venezuela) :
_bDirección de Cultura, Universidad Central de Venezuela,
_c1967.
300 _a204 p. ;
_c19 cm.
490 1 _aLetras de Venezuela
_v8
650 4 _aNovela venezolana
_93962
650 4 _aLiteratura venezolana
_93816
700 1 _aOrihuela, Augusto Germán
_epról.
_939251
830 0 _aLetras de Venezuela ;
_v8
_917348
910 _aCatalogación por copia / LC
049 _aBNGR
999 _c17631
_d17631